000 00277nam a22001337a 4500
003 SGT
082 _a635
_bSIN
100 _aSINNOTT EDMUND W
245 _aHORMONES AND HORTICULTURE
260 _aLONDON
_bMCGROWHILL
_c1947
300 _a326
650 _aAG
942 _2ddc
_cRARE
999 _c33751
_d33751